Soil survey manual / (Record no. 14805)
[ view plain ]
| 000 -LEADER | |
|---|---|
| fixed length control field | 01405cam a22003371a 4500 |
| 001 - CONTROL NUMBER | |
| control field | 14805 |
| 003 - CONTROL NUMBER IDENTIFIER | |
| rucl marc code | BD-RjUL |
| 005 - DATE AND TIME OF LATEST TRANSACTION | |
| control field | 20211208235709.0 |
| 008 - FIXED-LENGTH DATA ELEMENTS--GENERAL INFORMATION | |
| fixed length control field | 140208s1966 dcuabd bf f001 0 eng c |
| 035 ## - SYSTEM CONTROL NUMBER | |
| System control number | (BD-RjUL)14859 |
| System control number | (OCoLC)6828657 |
| 040 ## - CATALOGING SOURCE | |
| Original cataloging agency | U.S. Nat'l Agr. Libr. |
| Transcribing agency | CSjU |
| Modifying agency | OCoLC |
| -- | DNAL |
| -- | DLC |
| Language of cataloging | eng |
| 041 ## - LANGUAGE CODE | |
| Language code of text/sound track or separate title | eng |
| 070 0# - NATIONAL AGRICULTURAL LIBRARY CALL NUMBER | |
| Classification number | 1 |
| Item number | Ag84Ah no.18 |
| 072 0# - SUBJECT CATEGORY CODE | |
| Subject category code | J400 |
| 082 ## - DEWEY DECIMAL CLASSIFICATION NUMBER | |
| Classification number | 631.4 |
| Author mark and year | SOI 1966 |
| 245 00 - TITLE STATEMENT | |
| Title | Soil survey manual / |
| Statement of responsibility, etc. | by Soil Survey Staff, Bureau of Plant Industry, Soils and Agricultural Engineering. |
| 260 ## - PUBLICATION, DISTRIBUTION, ETC. (IMPRINT) | |
| Place of publication, distribution, etc. | Washington, D.C. : |
| Name of publisher, distributor, etc. | Agricultural Research Administration, U.S. Dept. of Agriculture, |
| Date of publication, distribution, etc. | 1966. |
| 300 ## - PHYSICAL DESCRIPTION | |
| Pagination | vii, 503 p. [16] pages of plates : |
| Illustrations | ill., charts, maps ; |
| Size | 24 cm. |
| 490 1# - SERIES STATEMENT | |
| Series statement | Agriculture handbook / United States Department of Agriculture ; |
| Volume/sequential designation | no. 18 |
| 500 ## - GENERAL NOTE | |
| General note | "Revision and enlargement of U.S. Department of Agriculture Miscellaneous publication 274, the Soil survey manual, issued September 1937, and supersedes it." |
| General note | Includes index. |
| 504 ## - BIBLIOGRAPHY, ETC. NOTE | |
| Bibliography, etc | Bibliography": p. 443-457. |
| 650 #0 - SUBJECT ADDED ENTRY--TOPICAL TERM | |
| Topical term or geographic name as entry element | Soil surveys. |
| 9 (RLIN) | 46113 |
| 710 1# - ADDED ENTRY--CORPORATE NAME | |
| Corporate name or jurisdiction name as entry element | United States. |
| Subordinate unit | Bureau of Plant Industry, Soils, and Agricultural Engineering. |
| 9 (RLIN) | 46115 |
| 830 #0 - SERIES ADDED ENTRY--UNIFORM TITLE | |
| Volume number/sequential designation | no. 18. |
| Uniform title | Agriculture handbook (United States. Department of Agriculture) ; |
| 942 ## - ADDED ENTRY ELEMENTS (KOHA) | |
| Source of classification or shelving scheme | Dewey Decimal Classification |
| Koha item type | Books |
| Lost status | Source of classification or shelving scheme | Damaged status | Not for loan | Collection code | Permanent Location | Current Location | Shelving location | Date acquired | Source of acquisition | Cost, normal purchase price | Total Checkouts | Full call number | Date last seen | Copy number | Koha item type |
|---|---|---|---|---|---|---|---|---|---|---|---|---|---|---|---|
| Dewey Decimal Classification | Non-fiction | Central Library, University of Rajshahi | Central Library, University of Rajshahi | 04/04/1973 | Mullick Brothers | 1250.00 | 631.4 SOI 1966 | 08/02/2014 | C-2 | Books | |||||
| Dewey Decimal Classification | Not For Loan | Non-fiction | Central Library, University of Rajshahi | Central Library, University of Rajshahi | Reading Room | 04/04/1973 | Mollick brathers Dhaka | 1250.00 | 631.4 SOI 1966 | 28/11/2018 | C-1 | Books |